| 000 | 00429nam a2200133 4500 | ||
|---|---|---|---|
| 999 |
_c10082 _d10082 |
||
| 008 | 180731b ||||| |||| 00| 0 eng d | ||
| 100 |
_929767 _aOrejas, Tonette |
||
| 245 |
_aFees at Mt. Pinatubo crater-lake stir protest/ _cTonette Orejas and Allan Macatuno |
||
| 260 |
_aPhilippines _bPhilippine Daily Inquirer _cc2016 |
||
| 300 | _apage A10. | ||
| 650 | 0 |
_929768 _aVolcano. |
|
| 700 |
_929770 _aMacatuno, Allan |
||
| 942 |
_2ddc _cPER |
||